| 000 -LEADER |
| fixed length control field |
00554cam a22001697a 4500 |
| 008 - FIXED-LENGTH DATA ELEMENTS--GENERAL INFORMATION |
| fixed length control field |
180718b1991 xxu||||| |||| 00| 0 eng d |
| 082 ## - DEWEY DECIMAL CLASSIFICATION NUMBER |
| Classification number |
YA6x54 So64 |
| 100 ## - MAIN ENTRY--PERSONAL NAME |
| Personal name |
Workshop on Technology transfer (November 11-22, 1991: New Delhi) |
| 245 ## - TITLE STATEMENT |
| Title |
Proceedings |
| Statement of responsibility, etc. |
edited by G.D. Sootha, S.K. Gupta and Jugal Kishor |
| 260 ## - PUBLICATION, DISTRIBUTION, ETC. |
| Place of publication, distribution, etc. |
New Delhi |
| Name of publisher, distributor, etc. |
Solar Energy Centre |
| Date of publication, distribution, etc. |
1991 |
| 300 ## - PHYSICAL DESCRIPTION |
| Extent |
262p. |
| 650 ## - SUBJECT ADDED ENTRY--TOPICAL TERM |
| Topical term or geographic name entry element |
Technological innovations - India |
| 650 ## - SUBJECT ADDED ENTRY--TOPICAL TERM |
| Topical term or geographic name entry element |
Technology transfer - India |
| 700 ## - ADDED ENTRY--PERSONAL NAME |
| Personal name |
Jugal Kishor |
| 700 ## - ADDED ENTRY--PERSONAL NAME |
| Personal name |
Gupta, S.K. |
| 700 ## - ADDED ENTRY--PERSONAL NAME |
| Personal name |
Sootha, G.D. |